000 00765nam a2200241Ia 4500
003 OSt
005 20220923220959.0
006 a|||||r|||| 00| 0
007 ta
008 220922b |||||||| |||| 00| 0 hin d
024 _a193,258
037 _cTextual
040 _aARTS
_cARTS
_bhin
041 _2hin
_ahin
082 _aV2:221wN17, 152M4
100 _aमित्रा, रागिमी
245 0 _aकहानी प्रियदर्शिनी की
246 _aKahānī priyadarshinī kī
260 _aइलाहाबाद
_b आशु प्रकाशन
_c1984
300 _a226पृ.
_ccm.
942 _hV2:221wN17, 152M4
_cTEXL
_2CC
999 _c345733
_d345733